Normal view
MARC view
- Ibne Ishaq, Muhammad
Entry Personal Name
001 - CONTROL NUMBER
- control field: 452
003 - CONTROL NUMBER IDENTIFIER
- control field: NUST
005 - DATE AND TIME OF LATEST TRANSACTION
- control field: 20170511130013.0
008 - FIXED-LENGTH DATA ELEMENTS
- fixed length control field: 170511|| aca||aabn | a|a d
040 ## - CATALOGING SOURCE
- Original cataloging agency: NUST
- Transcribing agency: NUST
100 ## - HEADING--PERSONAL NAME
- Personal name: Ibne Ishaq, Muhammad
670 ## - SOURCE DATA FOUND
- Source citation: Work cat.: (NUST)228822: Ibn Hisham, Abd al-Malik,, The life of Muhammad;, 1955.
